[Event "AUTO-INT-855"]
[Site "http://www.queenalice.com/game.php?id=381802"]
[Date "2008.4.3"]
[Round "1"]
[White "castlerock"]
[Black "mrparkerpawn"]
[Result "0-1"]
[WhiteElo "1450"]
[BlackElo "1731"]

1. e4 c5 2. d4 cxd4 3. Qxd4 Nc6 4. Qe3 e5 5. Nf3 Nf6 6. Nc3 Bb4 7. Bd2 Bc5 8.
Qe2 O-O 9. Bg5 h6 10. Bh4 g5 11. Bg3 Ng4 12. h3 Qa5 13. hxg4 Bb4 14. Qd2 d6 15.
Be2 Bxg4 16. O-O Bxf3 17. Bxf3 Nd4 18. Bg4 f5 19. exf5 Nxf5 20. Bh2 Rac8 21.
Qd5+ Kh8 22. Qxb7 Qc5 23. Na4 Qxc2 24. Rac1 Qxc1 25. Qxb4 Nd4 26. Nc3 Qc2 27.
Ne4 Qxe4 28. Bxc8 Ne2+ 29. Kh1 Qxb4 30. Ba6 Qxb2 31. f3 Nf4 32. Rg1 Rb8 33. Bf1
Qf2 34. g3 Ne6 35. Bg2 Rb2 36. Rf1 Qxg2# 0-1

[Event "AUTO-INT-855"]
[Site "http://www.queenalice.com/game.php?id=381817"]
[Date "2008.4.3"]
[Round "1"]
[White "castlerock"]
[Black "nenem"]
[Result "0-1"]
[WhiteElo "1426"]
[BlackElo "1749"]

1. e4 e5 2. Bc4 d6 3. Nc3 Nf6 4. d4 exd4 5. Nd5 Nxd5 6. Bxd5 c6 7. Bb3 Be7 8.
Qxd4 O-O 9. Nf3 Bg4 10. Qe3 Nd7 11. O-O Qb6 12. Qf4 Bxf3 13. Qxf3 Ne5 14. Qh3
Qd4 15. Re1 Ng6 16. c3 Qf6 17. Qg4 Ne5 18. Qg3 h6 19. a4 Kh8 20. f4 Ng6 21. e5
dxe5 22. fxe5 Bc5+ 23. Kh1 Qf2 24. Be3 Bxe3 25. Rxe3 Qxb2 26. Rae1 Qxb3 27. e6
Qc4 28. e7 Rfe8 29. Re4 Qc5 30. Qc7 Qxc3 31. R4e3 Qc5 32. Qxb7 Rab8 33. Qd7 Nxe7
34. Rf3 Kh7 35. Rxf7 Qd5 36. Rfxe7 Qxd7 0-1

[Event "AUTO-INT-855"]
[Site "http://www.queenalice.com/game.php?id=381818"]
[Date "2008.4.3"]
[Round "1"]
[White "nenem"]
[Black "castlerock"]
[Result "1-0"]
[WhiteElo "1753"]
[BlackElo "1429"]

1. e4 e5 2. d3 Bc5 3. Nf3 Nc6 4. Be2 d5 5. exd5 Qxd5 6. c4 Qe6 7. Bd2 Bd7 8. O-O
Nf6 9. Nc3 O-O 10. b3 Nd4 11. Ng5 Qc6 12. Rb1 Rae8 13. b4 Be7 14. b5 Qd6 15.
Nce4 Nxe4 16. Nxe4 Qg6 17. a4 Kh8 18. f4 exf4 19. Bxf4 f5 20. Bh5 Nf3+ 21. Qxf3
fxe4 22. Bxg6 exf3 23. Bxe8 Bxe8 24. Rxf3 c5 25. Re1 Bf6 26. Be5 Bh5 27. Rf5 Bg6
28. Rf3 Bh5 29. Bd6 Rc8 30. Rf5 Bd4+ 31. Kh1 Bc3 32. Re7 a6 33. Rxh5 Rf8 34. g3
1-0

[Event "AUTO-INT-855"]
[Site "http://www.queenalice.com/game.php?id=381819"]
[Date "2008.4.3"]
[Round "1"]
[White "castlerock"]
[Black "Enxadrista_27"]
[Result "0-1"]
[WhiteElo "1423"]
[BlackElo "1482"]

1. e4 e5 2. d4 exd4 3. Qxd4 Nc6 4. Qd1 Bc5 5. Qg4 Qf6 6. Nf3 d5 7. Nc3 Bxg4 8.
Nxd5 Qd8 9. Ng5 Nd4 10. Bd3 Be2 11. Bxe2 Nxc2+ 12. Kf1 Nxa1 13. Bc4 Qd7 14. Bf4
Bd6 15. Bxd6 Qxd6 16. h4 Qc5 17. Rh3 Qxc4+ 18. Kg1 O-O-O 19. Nxf7 Nf6 20. Nxh8
Rxh8 21. Rc3 Qxe4 22. Rxc7+ Kd8 0-1

[Event "AUTO-INT-855"]
[Site "http://www.queenalice.com/game.php?id=381820"]
[Date "2008.4.3"]
[Round "1"]
[White "Enxadrista_27"]
[Black "castlerock"]
[Result "1-0"]
[WhiteElo "1480"]
[BlackElo "1437"]

1. e4 e5 2. Nf3 Nc6 3. Bb5 Nd4 4. Nxd4 c6 5. Qh5 Qf6 6. Bc4 g6 7. Qf3 Qxf3 8.
Nxf3 Nf6 9. Nxe5 d5 10. exd5 cxd5 11. Bb5+ Nd7 12. Nc3 f6 13. Nxd5 a6 14. Bxd7+
Bxd7 15. Nc7+ 1-0

[Event "Challenge"]
[Site "http://www.queenalice.com/game.php?id=409114"]
[Date "2008.5.27"]
[Round "-"]
[White "TomBishop"]
[Black "castlerock"]
[Result "1-0"]
[WhiteElo "1450"]
[BlackElo "1445"]

1. e4 e5 2. Nf3 d5 3. exd5 Qxd5 4. Qe2 Nc6 5. Nc3 Qd8 6. Nxe5 Be7 7. Nxc6 bxc6
8. Qd3 Bd7 9. Be2 Nf6 10. O-O O-O 11. Bf3 Rb8 12. b3 Rb6 13. Bb2 c5 14. Nd5 Rd6
15. Nxe7+ Qxe7 16. Rfe1 Be6 17. Qe2 Qd7 18. Bc3 Nd5 19. Be5 Rb6 20. c4 Nf4 21.
Qe3 Ng6 22. Bb2 Rd6 23. Qc3 f6 24. Qa5 Rxd2 25. Bc3 Rd6 26. Qxa7 Qf7 27. Qxc5
Nf4 28. Ba5 Nd3 29. Qh5 g6 30. Qb5 Nxe1 31. Rxe1 Bd7 32. Qb7 c6 33. Qb4 Rd2 34.
Qxd2 Bf5 35. Bxc6 Rc8 36. Bd5 1-0

[Event "Challenge"]
[Site "http://www.queenalice.com/game.php?id=533458"]
[Date "2009.2.1"]
[Round "-"]
[White "YuGi"]
[Black "castlerock"]
[Result "0-1"]
[WhiteElo "1174"]
[BlackElo "1451"]

1. Nc3 e6 2. h4 h5 3. d4 Be7 4. Nb5 a6 5. Na3 Bxh4 6. Nf3 Be7 7. Ne5 d6 8. Nf3
Nh6 9. Bxh6 Rxh6 10. e4 d5 11. exd5 exd5 12. Ne5 Re6 13. g4 h4 14. Bg2 c5 15. f4
f6 16. Bxd5 Qxd5 17. c3 Qxh1+ 18. Kd2 Qh2+ 19. Qe2 Qxf4+ 20. Kd1 cxd4 21. Nac4
b5 22. Nd2 Rxe5 23. Qf3 Qh2 24. Nf1 Qxb2 25. Qxa8 Qe2+ 26. Kc1 Qxf1+ 27. Kb2
Re2+ 28. Kb3 Be6+ 29. c4 Bxc4# 0-1

[Event "Challenge"]
[Site "http://www.queenalice.com/game.php?id=533459"]
[Date "2009.2.1"]
[Round "-"]
[White "YuGi"]
[Black "castlerock"]
[Result "0-1"]
[WhiteElo "1167"]
[BlackElo "1469"]

1. Nc3 e6 2. d4 Nf6 3. h4 Be7 4. Bg5 h6 5. Bxf6 Bxf6 6. e3 Nc6 7. Nb5 a6 8. Nc3
d5 9. f3 b5 10. e4 O-O 11. e5 Bxh4+ 12. Ke2 b4 13. Nb1 a5 14. c3 Ba6+ 15. Kd2
Qg5+ 16. Kc2 bxc3 17. bxc3 Bf2 18. Nh3 Bd3+ 19. Kxd3 Qe3+ 20. Kc2 Rab8 21. Nxf2
Qxf2+ 22. Nd2 Nxd4+ 23. Kc1 Nb5 24. c4 dxc4 25. Nxc4 Qc5 26. Rh4 Rfd8 27. Bd3
Na3 28. f4 Nxc4 29. Bxc4 Qxc4+ 30. Qc2 Qf1+ 31. Qd1 Qxd1# 0-1

[Event "AUTO-OPEN-1426"]
[Site "http://www.queenalice.com/game.php?id=533591"]
[Date "2009.2.2"]
[Round "1"]
[White "Gorgona"]
[Black "castlerock"]
[Result "0-1"]
[WhiteElo "1979"]
[BlackElo "1424"]

1. e4 e5 2. f4 Nc6 3. Nf3 d6 4. Bb5 Bd7 5. fxe5 a6 6. Bc4 dxe5 7. a3 Nf6 8. Ng5
Be6 9. Bxe6 fxe6 10. Nxe6 Qe7 11. Nxf8 Qxf8 12. Nc3 O-O-O 13. O-O Qc5+ 14. Kh1
Kb8 15. d3 h5 16. Bg5 Rd6 17. Na4 Qa7 18. Rf5 Ng4 19. Qe2 Nd4 20. Qf1 Nxf5 21.
Qxf5 Nf2+ 22. Kg1 Nxe4+ 23. Kf1 Nxg5 24. Qxg5 Rf8+ 0-1

[Event "AUTO-OPEN-1426"]
[Site "http://www.queenalice.com/game.php?id=533592"]
[Date "2009.2.2"]
[Round "1"]
[White "castlerock"]
[Black "Gorgona"]
[Result "0-1"]
[WhiteElo "1423"]
[BlackElo "1985"]

1. e4 e5 2. Bc4 Nf6 3. d3 d6 4. Nc3 c6 5. Nf3 Bg4 6. O-O b5 7. Nxb5 cxb5 8. Bb3
h6 9. c4 b4 10. h3 Bh5 11. g4 Nxg4 12. hxg4 Bxg4 13. Ba4+ Nd7 14. a3 bxa3 15.
Rxa3 Qf6 16. Qb3 Qg6 0-1

[Event "AUTO-OPEN-1426"]
[Site "http://www.queenalice.com/game.php?id=533615"]
[Date "2009.2.2"]
[Round "1"]
[White "castlerock"]
[Black "gmoney1970"]
[Result "0-1"]
[WhiteElo "1454"]
[BlackElo "1771"]

1. e4 e6 2. d4 c5 3. Be3 Nf6 4. Nc3 b6 5. Be2 cxd4 6. Bxd4 Nc6 7. Be3 Bb7 8. Nf3
Nb4 9. a3 Nc6 10. O-O Bc5 11. Bxc5 bxc5 12. Nb5 Qb6 13. Nd6+ Kf8 14. Ng5 Ne5 15.
Kh1 h6 16. Ngxf7 Nxf7 17. Nxf7 Kxf7 18. Bd3 Nxe4 19. Qf3+ Nf6 20. Qg3 g5 21.
Rae1 Ba6 22. c4 Qxb2 23. Rb1 Qd4 24. Rbd1 Bxc4 25. Rfe1 Rae8 26. Bxc4 Qxc4 27.
Rd3 Re7 28. Rc3 Qf4 29. Qd3 Qxf2 30. Rf1 Qd4 31. Qh3 g4 32. Qg3 Kg6 33. h4 Ne4
34. Qxg4+ Ng5 35. h5+ Kg7 36. Qg3 Rf7 37. Rfc1 d6 38. Qe1 Rhf8 39. Rd1 Qxd1 40.
Qxd1 Rf1+ 0-1

[Event "AUTO-OPEN-1426"]
[Site "http://www.queenalice.com/game.php?id=533616"]
[Date "2009.2.2"]
[Round "1"]
[White "gmoney1970"]
[Black "castlerock"]
[Result "1-0"]
[WhiteElo "1756"]
[BlackElo "1421"]

1. d3 e5 2. e3 d5 3. Qh5 Nc6 4. d4 Nf6 5. Qg5 Qd6 6. dxe5 Nxe5 7. Nc3 h6 8. Nb5
Qe7 9. Qf4 g5 10. Qa4 c6 11. Nd4 Bd7 12. Qb3 Bg4 13. f3 Bc8 14. Bd2 c5 15. Nde2
b6 16. Nc3 Be6 17. Qb5+ Bd7 18. Qa6 Nc6 19. Nb5 Bc8 20. Qa4 Bd7 21. Nc7+ Kd8 22.
Nxa8 Nb4 23. Qb3 Bf5 24. Bxb4 Bg7 25. Bc3 Qb7 26. Bxf6+ Bxf6 27. O-O-O Qxa8 28.
Rxd5+ Bd7 29. Bb5 1-0

[Event "AUTO-OPEN-1426"]
[Site "http://www.queenalice.com/game.php?id=533617"]
[Date "2009.2.2"]
[Round "1"]
[White "castlerock"]
[Black "YuGi"]
[Result "1-0"]
[WhiteElo "1421"]
[BlackElo "1089"]

1. e4 h5 2. Bc4 Nf6 3. Nc3 a6 4. a4 e6 5. d4 Ng4 6. h3 Nf6 7. Bg5 Nc6 8. e5 Bb4
9. exf6 gxf6 10. Bh4 e5 11. Nf3 exd4 12. O-O dxc3 13. Re1+ Kf8 14. Qd5 b5 15.
Qxf7# 1-0

[Event "AUTO-OPEN-1426"]
[Site "http://www.queenalice.com/game.php?id=533618"]
[Date "2009.2.2"]
[Round "1"]
[White "YuGi"]
[Black "castlerock"]
[Result "0-1"]
[WhiteElo "1082"]
[BlackElo "1418"]

1. h4 h5 2. d4 e6 3. a4 c5 4. dxc5 Bxc5 5. Be3 Qa5+ 6. c3 Nf6 7. b4 Bxb4 8. cxb4
Qxb4+ 9. Bd2 Qb6 10. Nc3 Ng4 11. Rb1 Qxf2# 0-1

[Event "Challenge"]
[Site "http://www.queenalice.com/game.php?id=534923"]
[Date "2009.2.4"]
[Round "-"]
[White "gomonkey"]
[Black "castlerock"]
[Result "1-0"]
[WhiteElo "1578"]
[BlackElo "1473"]

1. e4 e6 2. d4 d5 3. e5 f6 4. f4 fxe5 5. Qh5+ g6 6. Qxe5 Nf6 7. c4 Nc6 8. Qe3
dxc4 9. Bxc4 Nb4 10. Na3 Ng4 11. Qe2 Nf6 12. Bxe6 Bxe6 13. Nc4 Qd5 14. h3 Nd3+
15. Qxd3 Qxg2 16. Qf3 Qxf3 17. Nxf3 Bxc4 18. a3 O-O-O 19. Nd2 Re8+ 20. Kd1 Nd5
21. Nxc4 Bh6 22. Rf1 Bg7 23. Ne5 Rhf8 24. Bd2 Bxe5 25. dxe5 Rxe5 26. fxe5 Rxf1+
27. Be1 Ne3+ 28. Ke2 Nc2 29. Rc1 Rxe1+ 30. Rxe1 Nxe1 31. Kxe1 Kd7 32. b4 Ke6 33.
Kd2 Kxe5 34. Kd3 g5 35. Kc4 h5 36. a4 Kd6 37. a5 g4 38. hxg4 hxg4 39. Kd3 Ke5
40. Ke3 Kf5 41. b5 Kg5 42. Kf2 Kh4 43. Kg2 c6 44. a6 1-0

[Event "Challenge"]
[Site "http://www.queenalice.com/game.php?id=535428"]
[Date "2009.2.5"]
[Round "-"]
[White "lcchaves13"]
[Black "castlerock"]
[Result "0-1"]
[WhiteElo "1379"]
[BlackElo "1456"]

1. d4 e6 2. e4 d5 3. Bb5+ c6 4. Ba4 Qa5+ 5. Nc3 Bb4 6. Qd2 b5 7. Bb3 Nf6 8. exd5
Ne4 9. Qe3 cxd5 10. a3 Nxc3 11. Bd2 Nd1 12. Kxd1 Bxd2 13. Qe2 Bb7 14. c3 Bg5 15.
Nf3 Bh6 16. a4 b4 17. cxb4 Qxb4 18. Qc2 O-O 19. g4 Rc8 20. Qd3 Nc6 21. Ne1 Nxd4
22. h4 Bf4 23. Ng2 Nxb3 24. Ra3 Rc1+ 25. Ke2 Nd4+ 26. Qxd4 Qxd4 27. Rd3 Rc2+ 28.
Kf3 Qxf2# 0-1

[Event "Challenge"]
[Site "http://www.queenalice.com/game.php?id=545621"]
[Date "2009.2.24"]
[Round "-"]
[White "castlerock"]
[Black "rdaigle2003"]
[Result "1-0"]
[WhiteElo "1457"]
[BlackElo "1760"]

1. e4 c5 2. d4 cxd4 3. Qxd4 Nc6 4. Qc4 d6 5. Nf3 Be6 6. Qa4 Qb6 7. b3 O-O-O 8.
Be3 Qa5+ 9. Qxa5 Nxa5 10. Bxa7 d5 11. Bd3 Rd6 12. Nc3 Bd7 13. Nxd5 Nf6 14. Nb6+
Kd8 15. Ne5 Be6 16. Nf3 Rc6 17. Rd1 Kc7 18. e5 Nd5 19. Bb5 Rc5 20. Na8+ Kc8 21.
Bxc5 Nc3 22. Rd3 Nxb5 23. Nb6+ Kc7 24. O-O Bf5 25. Rd2 e6 26. Be3 Bb4 27. Rd7+
Kb8 28. Ng5 Bxc2 29. Nxf7 Rf8 30. Rc1 Bg6 31. Ng5 Ba3 32. Re1 Nc6 33. Nxe6 Bb4
34. Ra1 Re8 35. Nxg7 Rxe5 36. Bf4 Bc3 37. Rad1 Ka7 38. Bxe5 Bxe5 39. Nc4 Bc3 40.
a4 Nbd4 41. Kh1 Nxb3 42. R1d3 Bxd3 43. Nd6 Ba6 44. Ngf5 Ne5 45. Rxh7 Nc5 46. Ne3
Nxa4 47. Nd5 Be1 48. Nc8+ Kb8 49. Rh8 1-0

[Event "Challenge"]
[Site "http://www.queenalice.com/game.php?id=545622"]
[Date "2009.2.24"]
[Round "-"]
[White "rdaigle2003"]
[Black "castlerock"]
[Result "0-1"]
[WhiteElo "1732"]
[BlackElo "1485"]

1. e4 e5 2. Nf3 Nc6 3. Bb5 a6 4. Ba4 b5 5. Bb3 Nf6 6. Ng5 d5 7. exd5 Nxd5 8. Qf3
f6 9. Nh3 Be6 10. Nc3 Nd4 11. Qh5+ g6 12. Qh4 h5 13. Qe4 Nxb3 14. axb3 Bb4 15.
Qxg6+ Bf7 16. Qf5 Nxc3 17. bxc3 Be7 18. O-O Rg8 19. Qd3 Bd6 20. Ba3 c5 21. f3
Be6 22. Nf2 Qe7 23. Ne4 Rd8 24. Nxd6+ Rxd6 25. Bxc5 Qg7 26. Qe2 Rc6 27. b4 Bh3
28. f4 Bxg2 29. Rf2 Bf3+ 30. Rg2 Bxg2 31. Qf2 f5 32. Qg3 Qxg3 33. hxg3 Rxg3 34.
Bf2 Rg4 35. fxe5 Rcg6 36. Re1 Be4+ 37. Kf1 Bxc2 38. Bb6 Bd3+ 39. Kf2 f4 40. Bc5
Rg2+ 41. Kf3 h4 42. Kxf4 R6g4+ 43. Ke3 R4g3+ 44. Kd4 Rxd2 45. Kd5 Bc4+ 46. Kc6
Rg6+ 47. Kb7 Rd7+ 48. Kc8 Be6 49. Kb8 Bd5 0-1

[Event "Challenge"]
[Site "http://www.queenalice.com/game.php?id=569297"]
[Date "2009.4.9"]
[Round "-"]
[White "Ebbe"]
[Black "castlerock"]
[Result "1-0"]
[WhiteElo "1846"]
[BlackElo "1511"]

1. e4 e6 2. d4 d5 3. e5 c5 4. Nf3 Be7 5. b3 f6 6. Nh4 g5 7. Qh5+ Kd7 8. Ng6 fxe5
9. Nxh8 Nf6 10. Qxg5 Qxh8 11. Qxe5 Nc6 12. Bb5 Bd6 13. Qe2 a6 14. Bxc6+ bxc6 15.
Be3 Qg8 16. O-O Bb7 17. dxc5 Be5 18. c3 Ng4 19. g3 Rf8 20. Nd2 Bxc3 21. Rad1 Kc8
22. Nf3 h5 23. h4 Rf5 24. Bg5 Kb8 25. Nd4 Bxd4 26. Rxd4 Ne5 27. Bf4 Qg7 28. Re1
Ka7 29. Bxe5 Rxe5 30. Qxe5 Qd7 31. Qxe6 Qg7 32. Rb4 Qf8 33. Qd7 Qa8 34. Re8 1-0

[Event "Challenge"]
[Site "http://www.queenalice.com/game.php?id=635624"]
[Date "2009.8.13"]
[Round "-"]
[White "WILSONCSQ"]
[Black "castlerock"]
[Result "0-1"]
[WhiteElo "1533"]
[BlackElo "1512"]

1. e4 e5 2. Nf3 Nc6 3. Nc3 Nf6 4. Bd3 d5 5. O-O Bc5 6. a3 Ng4 7. h3 Nxf2 8. Rxf2
Nd4 9. Nxd5 O-O 10. c3 Nxf3+ 11. Qxf3 Bxf2+ 12. Qxf2 c6 13. Nb4 a5 14. Nc2 Qxd3
15. Ne1 Qxe4 16. d3 Qg6 17. Qf3 Bf5 18. a4 Rad8 19. g4 Be6 20. Ra3 f5 21. g5 f4
22. Qg2 Rf5 23. h4 Bd5 24. Nf3 e4 25. dxe4 Bxe4 26. Rb3 Rd1+ 27. Kh2 Rxc1 28.
Rxb7 Rc2 29. Qxc2 Bxc2 30. Rb8+ Kf7 31. Nd4 Rd5 32. Rb7+ Ke8 33. Rb8+ Rd8 34.
Rxd8+ Kxd8 35. b4 axb4 36. cxb4 Qd6 37. Nxc2 Qd2+ 38. Kh3 Qxc2 39. a5 Qb3+ 40.
Kg4 Qxb4 41. a6 Qa4 42. h5 Qxa6 43. Kxf4 Qf1+ 44. Ke4 Qh1+ 45. Ke5 Qxh5 46. Kd6
c5 47. Kxc5 Qxg5+ 48. Kc6 h5 49. Kb7 h4 50. Kb8 h3 51. Ka8 h2 52. Kb8 h1=Q 53.
Ka7 Qa5+ 54. Kb8 Qha8# 0-1

[Event "Challenge"]
[Site "http://www.queenalice.com/game.php?id=692559"]
[Date "2009.12.3"]
[Round "-"]
[White "WILSONCSQ"]
[Black "castlerock"]
[Result "1-0"]
[WhiteElo "1628"]
[BlackElo "1529"]

1. e4 e5 2. Nf3 Nc6 3. Be2 Nf6 4. Nc3 d5 5. Bd3 Bg4 6. h3 Bh5 7. exd5 Nxd5 8.
O-O Nf4 9. Be4 g5 10. d3 Qd7 11. Bxf4 exf4 12. Qe1 O-O-O 13. Nxg5 Re8 14. Qc1
Bd6 15. Nb5 Bc5 16. Qxf4 Ne5 17. a4 f6 18. Qxf6 Rhf8 19. Qh6 Be2 20. Rad1 Bxd1
21. Rxd1 Rxf2 22. Qh5 Rxc2+ 23. Kh1 Rxb2 24. Bf5 Rd8 25. Bxd7+ Nxd7 26. Qg4 Kb8
27. Ne6 Rc8 28. Nxc5 Nxc5 29. Qd4 Rc2 30. Na3 Ne6 31. Qb4 c5 32. Qe1 1-0

[Event "Challenge"]
[Site "http://www.queenalice.com/game.php?id=720754"]
[Date "2010.1.26"]
[Round "-"]
[White "babycrocket"]
[Black "castlerock"]
[Result "1/2-1/2"]
[WhiteElo "1752"]
[BlackElo "1517"]

1. e4 e5 2. Nf3 Nc6 3. d3 d5 4. Nbd2 Bc5 5. Be2 Nh6 6. h3 f5 7. exd5 Qxd5 8. O-O
Be6 9. Re1 O-O-O 10. Bf1 Be7 11. d4 Nxd4 12. Nxe5 Qc5 13. Nd3 Qc6 14. c3 Nb5 15.
Qc2 Nd4 16. cxd4 Qxc2 17. Rxe6 Rhe8 18. Nf3 Qc4 19. Bxh6 Qxe6 20. Bxg7 Kb8 21.
Be5 Bd6 22. Bxd6 Rxd6 23. Nde5 h5 24. b3 Qg8 25. Bd3 Qg7 26. Bxf5 Rg8 27. g4
hxg4 28. Bxg4 Rh6 29. Kh2 Rxh3+ 30. Kxh3 Rh8+ 31. Kg3 Rd8 32. Re1 Ka8 33. Re4
Qh7 34. Rf4 a5 35. Rf7 Qc2 36. Nc4 Qxa2 37. Be6 Qe2 38. Ne3 Rg8+ 39. Bg4 Qb2 40.
Rxc7 Ka7 41. Nc4 Qc1 42. Rc5 Qh6 43. Rxa5+ Kb8 44. Ne3 b6 45. Re5 Qc6 46. Nf5
Qc8 47. N3h4 Qc3+ 48. Re3 Qc7+ 49. Re5 Qc3+ 50. Re3 Qc7+ 51. Re5 Qc3+ 1/2-1/2